00932nam a22002537a 450000500170000001000150001702000260003202000230005803500130008103700130009408200120010710000230011924500400014226000810018227000630026330000250032649000350035150000520038652000990043860000320053765000520056965000300062165000270065120130923150134.0 aENG-108265 a9780198090458c425.00 a0198090455c425.00 aEN-91798 bDBAD/PUB a907.202 aAlatas, Syed Farid10aIbn Khaldun /cby Syed Farid Alatas aNew DelhibOxford Centre for Islamic Studies bOxford University Pressc2013 aYMCA Library Building, 1 Jai Singh RoadbNew Delhie110001 axii,160p.c22cm(pbk) aMakers of Islamic civilization a Includes bibliographical references and index. a On the life and works of Ibn Khaldūn, 1332-1406, Arab Muslim historiographer and historian. a Ibn Khaldūn,d1332-1406. a Historians, Arabz Islamic Empire vBiography. a SciencexSocial aspects. a Islamic civilization.